[Event "English Open Championship"]
[Site "Kenilworth"]
[Date "2023.05.28"]
[Round "5.20"]
[White "Jones, Steven A"]
[Black "Bharat Kumar, Balahari"]
[Result "1/2-1/2"]
[WhiteElo "2174"]
[BlackElo "1898"]
[PlyCount "203"]
[EventDate "2023.05.26"]
[EventType "swiss"]
[EventRounds "7"]
[EventCountry "ENG"]
[SourceTitle "BritBase"]
[Source "John Saunders"]
[SourceDate "2023.05.30"]
[SourceVersion "1"]
[SourceVersionDate "2023.05.30"]
[SourceQuality "1"]

1. e4 c5 2. Nf3 d6 3. d4 cxd4 4. Nxd4 Nf6 5. Nc3 a6 6. f3 e6 7. Be3 h5 8. Qd2
b5 9. a4 b4 10. Na2 a5 11. c3 bxc3 12. Bb5+ Bd7 13. Nxc3 Be7 14. O-O O-O 15.
Rfd1 Bxb5 16. Ndxb5 Ra6 17. Rac1 Nbd7 18. Ne2 Nc5 19. Bxc5 dxc5 20. Qxd8 Rxd8
21. Rxd8+ Bxd8 22. Kf1 Be7 23. Nf4 Ra8 24. b3 g6 25. Ke2 Nd7 26. Nd3 Rc8 27.
Nb2 Nb6 28. Nc4 Nxc4 29. Rxc4 Bf6 30. f4 Kf8 31. Nd6 Rc7 32. Nb5 Rc8 33. g3 Ke7
34. e5 Bg7 35. Nd6 Rc7 36. Ne4 f6 37. Rxc5 Rxc5 38. exf6+ Bxf6 39. Nxc5 Bd4 40.
Ne4 e5 41. fxe5 Bxe5 42. Nc5 Bd4 43. Nd3 Ke6 44. Nf4+ Kf5 45. Kf3 Be5 46. Nd3
Bd6 47. Nb2 Bc7 48. h3 g5 49. g4+ hxg4+ 50. hxg4+ Ke5 51. b4 axb4 52. Nd3+ Kd4
53. Nxb4 Kc4 54. Nc6 Kd5 55. Ne7+ Ke6 56. Nf5 Kd5 57. Ke3 Kc4 58. Ne7 Kb3 59.
Nd5 Bd8 60. Ke4 Kxa4 61. Kf5 Kb5 62. Nf6 Kc6 63. Ke6 Bb6 64. Ne4 Be3 65. Kf6
Kd7 66. Nxg5 Ke8 67. Ne6 Bc1 68. Kg7 Bd2 69. Nc5 Bc1 70. Ne4 Be3 71. Nd6+ Kd7
72. Nf5 Bc1 73. Kf7 Bd2 74. Ng3 Bc1 75. Ne4 Be3 76. Nf6+ Kd8 77. Ke6 Bc1 78.
Kd6 Bf4+ 79. Ke6 Bc1 80. Ke5 Ke7 81. Nd5+ Kf7 82. Kf5 Bd2 83. Nc7 Bc1 84. Nb5
Bd2 85. Nd6+ Kg7 86. Nc4 Bc1 87. Ne5 Bd2 88. Nd3 Be3 89. Ke4 Bd2 90. Kf5 Be3
91. Nf4 Bxf4 92. Kxf4 Kg6 93. g5 Kg7 94. Kf5 Kf7 95. g6+ Kg7 96. Kg5 Kg8 97.
Kf6 Kf8 98. Kf5 Kg7 99. Kg5 Kg8 100. Kh6 Kh8 101. g7+ Kg8 102. Kg6 1/2-1/2

[Event "English Open Championship"]
[Site "Kenilworth"]
[Date "2023.05.28"]
[Round "5.21"]
[White "Watson, Jacob"]
[Black "Sedykh, Mikhail"]
[Result "1/2-1/2"]
[WhiteElo "1886"]
[BlackElo "2092"]
[PlyCount "107"]
[EventDate "2023.05.26"]
[EventType "swiss"]
[EventRounds "7"]
[EventCountry "ENG"]
[SourceTitle "BritBase"]
[Source "John Saunders"]
[SourceDate "2023.05.30"]
[SourceVersion "1"]
[SourceVersionDate "2023.05.30"]
[SourceQuality "1"]

1. e4 e6 2. d4 d5 3. exd5 exd5 4. c4 Bb4+ 5. Nc3 Nf6 6. Bd3 dxc4 7. Bxc4 O-O 8.
Nge2 Nbd7 9. Bg5 Nb6 10. Bb3 c6 11. O-O Be7 12. Qc2 Nfd5 13. Bxe7 Nxe7 14. Rad1
Bf5 15. Qd2 Nbd5 16. Ng3 Bg6 17. Rfe1 Qd7 18. Nce4 Rad8 19. h4 h6 20. h5 Bh7
21. Nc5 Qc7 22. Qe2 Nf5 23. Nxf5 Bxf5 24. Qf3 Bh7 25. Re5 Nf6 26. Rde1 Rde8 27.
Qe2 Rxe5 28. dxe5 Nd5 29. e6 Qe7 30. Nd7 Rd8 31. exf7+ Qxf7 32. Ne5 Qf5 33. Ng4
Kh8 34. Bxd5 cxd5 35. Qe7 Qg5 36. Qc7 Rf8 37. Ne5 Qxh5 38. Qe7 Qf5 39. f3 d4
40. Nd7 Rg8 41. Ne5 Bg6 42. Re4 Kh7 43. g4 Qc8 44. Nxg6 Kxg6 45. Rxd4 Re8 46.
Qd6+ Re6 47. Qd5 Qc1+ 48. Rd1 Qe3+ 49. Kg2 Re5 50. Qd6+ Kh7 51. Kg3 Rc5 52.
Qd3+ Qxd3 53. Rxd3 Rc2 54. Rb3 1/2-1/2

[Event "English Open Championship"]
[Site "Kenilworth"]
[Date "2023.05.28"]
[Round "5.22"]
[White "Badacsonyi, Frankie"]
[Black "Ireland, David J"]
[Result "1-0"]
[WhiteElo "1974"]
[BlackElo "1911"]
[PlyCount "77"]
[EventDate "2023.05.26"]
[EventType "swiss"]
[EventRounds "7"]
[EventCountry "ENG"]
[SourceTitle "BritBase"]
[Source "John Saunders"]
[SourceDate "2023.05.30"]
[SourceVersion "1"]
[SourceVersionDate "2023.05.30"]
[SourceQuality "1"]

1. d4 Nf6 2. Nf3 c5 3. d5 b5 4. Bg5 Qb6 5. Bxf6 Qxf6 6. c3 d6 7. e3 a6 8. Nbd2
Bf5 9. a4 b4 10. cxb4 cxb4 11. e4 Bg4 12. Qc2 g6 13. Qc7 Nd7 14. Rc1 e5 15.
Bxa6 Bh6 16. Bb7 Rd8 17. Rc4 O-O 18. O-O Nc5 19. h3 Rd7 20. Qc6 Bxf3 21. Nxf3
Qe7 22. Ba6 Rb8 23. Bb5 Rc7 24. Rxc5 dxc5 25. d6 Rxc6 26. dxe7 Re6 27. e8=Q+
Rexe8 28. Bxe8 Rxe8 29. b3 Rd8 30. Nxe5 Bg7 31. Nc4 Kf8 32. Rc1 Ra8 33. Nb6 Ra5
34. Rxc5 Rxc5 35. Nd7+ Ke7 36. Nxc5 Kd6 37. Nd3 Bc3 38. Kf1 f5 39. f3 1-0

[Event "English Open Championship"]
[Site "Kenilworth"]
[Date "2023.05.28"]
[Round "5.23"]
[White "Payne, Matthew J"]
[Black "Patel, Zain"]
[Result "1/2-1/2"]
[WhiteElo "2153"]
[BlackElo "1949"]
[PlyCount "88"]
[EventDate "2023.05.26"]
[EventType "swiss"]
[EventRounds "7"]
[EventCountry "ENG"]
[SourceTitle "BritBase"]
[Source "John Saunders"]
[SourceDate "2023.05.30"]
[SourceVersion "1"]
[SourceVersionDate "2023.05.30"]
[SourceQuality "1"]

1. e4 c6 2. d4 d5 3. e5 c5 4. dxc5 e6 5. a3 Bxc5 6. b4 Bb6 7. Nf3 Ne7 8. Bd3
Ng6 9. O-O O-O 10. Re1 Nc6 11. Bb2 Bd7 12. Nbd2 f6 13. exf6 gxf6 14. c4 Nce7
15. g3 e5 16. cxd5 Nxd5 17. Qb1 Qe8 18. Nd4 Rd8 19. Nc4 Bxd4 20. Bxd4 Be6 21.
Bxa7 b5 22. Ne3 Nxe3 23. Rxe3 f5 24. a4 bxa4 25. b5 e4 26. Be2 Ne5 27. Rxa4 Rd2
28. Bd4 Bd5 29. Qe1 Rxe2 30. Qxe2 Nf3+ 31. Rxf3 exf3 32. Qd2 f4 33. Ra7 Rf7 34.
Rxf7 Bxf7 35. gxf4 Bc4 36. f5 Kf7 37. Be3 Qxb5 38. Qc2 Qb3 39. Qc1 Qd3 40. Qa1
Ba6 41. Bh6 Qxf5 42. Qxa6 Qb1+ 43. Qf1 Qg6+ 44. Kh1 Qxh6 1/2-1/2

[Event "English Open Championship"]
[Site "Kenilworth"]
[Date "2023.05.28"]
[Round "5.24"]
[White "Bak, Christopher"]
[Black "Liu, Jack"]
[Result "1/2-1/2"]
[WhiteElo "2010"]
[BlackElo "1915"]
[PlyCount "88"]
[EventDate "2023.05.26"]
[EventType "swiss"]
[EventRounds "7"]
[EventCountry "ENG"]
[SourceTitle "BritBase"]
[Source "John Saunders"]
[SourceDate "2023.05.30"]
[SourceVersion "1"]
[SourceVersionDate "2023.05.30"]
[SourceQuality "1"]

1. c4 e5 2. Nc3 Nf6 3. Nf3 Nc6 4. g3 d5 5. cxd5 Nxd5 6. Bg2 Nb6 7. a3 Be7 8.
O-O O-O 9. d3 Be6 10. b4 a5 11. b5 Nd4 12. Nd2 c6 13. bxc6 Nxc6 14. Bb2 a4 15.
Rc1 Ra5 16. Ncb1 Rb5 17. Ba1 f6 18. Nc3 Ra5 19. Rb1 Bxa3 20. Rb5 Rxb5 21. Nxb5
Be7 22. Qb1 Nd7 23. Nc4 Nc5 24. Bc3 g6 25. Qb2 Kg7 26. Ne3 Bb3 27. d4 exd4 28.
Nxd4 Nxd4 29. Bxd4 Ne6 30. Bc3 b5 31. Nd5 Nc7 32. Nxe7 Qxe7 33. Qd2 Rd8 34. Qf4
Nd5 35. Bxd5 Rxd5 36. e4 Rd7 37. e5 fxe5 38. Bxe5+ Kg8 39. Bc3 Qd6 40. Qh4 Qe7
41. Qf4 Qd6 42. Qh4 Qe7 43. Qg4 Qe6 44. Qf4 Qd6 1/2-1/2

[Event "English Open Championship"]
[Site "Kenilworth"]
[Date "2023.05.28"]
[Round "5.25"]
[White "Verma, Shlok"]
[Black "Wilkinson, Daniel"]
[Result "1/2-1/2"]
[WhiteElo "1972"]
[BlackElo "1994"]
[PlyCount "141"]
[EventDate "2023.05.26"]
[EventType "swiss"]
[EventRounds "7"]
[EventCountry "ENG"]
[SourceTitle "BritBase"]
[Source "John Saunders"]
[SourceDate "2023.05.30"]
[SourceVersion "1"]
[SourceVersionDate "2023.05.30"]
[SourceQuality "1"]

1. d4 Nf6 2. c4 e6 3. Nf3 b6 4. g3 Ba6 5. Qa4 Bb7 6. Bg2 c5 7. dxc5 Bxc5 8. O-O
O-O 9. Nc3 Nc6 10. Rd1 h6 11. a3 Rc8 12. b4 Be7 13. Qb3 a5 14. b5 a4 15. Qxa4
Na5 16. Nd2 Bxg2 17. Kxg2 Qc7 18. Bb2 Nxc4 19. Nxc4 Qxc4 20. Qxc4 Rxc4 21. Rac1
d5 22. Nb1 Rxc1 23. Rxc1 Bc5 24. Nd2 Ra8 25. Nb3 Nd7 26. Nxc5 Nxc5 27. Rb1 Ra5
28. Bc1 Kf8 29. Kf1 Ne4 30. Rb3 e5 31. f4 f6 32. fxe5 fxe5 33. Rb4 Ke7 34. Be3
d4 35. Bc1 Nc3 36. e3 Rxb5 37. Rxb5 Nxb5 38. Ke2 Kd6 39. Kd3 Kd5 40. Bb2 h5 41.
exd4 Nxd4 42. Bc3 g5 43. a4 Nf3 44. h3 Ng1 45. h4 gxh4 46. gxh4 Nf3 47. a5 bxa5
48. Bxa5 Nxh4 49. Ke3 Ng6 50. Bb6 Ke6 51. Ke4 Nf8 52. Bc7 Nd7 53. Ba5 Nf6+ 54.
Kf3 Kf5 55. Kg3 e4 56. Bd2 Ng4 57. Kh4 Kg6 58. Be1 Ne5 59. Bf2 Nf3+ 60. Kg3 Kf5
61. Be3 Ne1 62. Bb6 Nc2 63. Kh4 Kg6 64. Kg3 Nb4 65. Bc5 Nd5 66. Kh4 Nc7 67. Kg3
Ne6 68. Bd6 Kg5 69. Be7+ Kf5 70. Kh4 Nf4 71. Bc5 1/2-1/2

[Event "English Open Championship"]
[Site "Kenilworth"]
[Date "2023.05.28"]
[Round "5.26"]
[White "Fellowes, Billy"]
[Black "Alldritt, Nigel RE"]
[Result "0-1"]
[WhiteElo "1824"]
[BlackElo "1954"]
[PlyCount "84"]
[EventDate "2023.05.26"]
[EventType "swiss"]
[EventRounds "7"]
[EventCountry "ENG"]
[SourceTitle "BritBase"]
[Source "John Saunders"]
[SourceDate "2023.05.30"]
[SourceVersion "1"]
[SourceVersionDate "2023.05.30"]
[SourceQuality "1"]

1. e4 e6 2. d4 d5 3. Nd2 Nf6 4. e5 Nfd7 5. c4 c5 6. f4 Nc6 7. dxc5 Bxc5 8. Nb3
Bxg1 9. Rxg1 dxc4 10. Bxc4 Ncxe5 11. Be2 Nc6 12. Be3 O-O 13. Qc2 Nb4 14. Qd2
Nd5 15. Bf2 N7f6 16. Bf3 Qc7 17. g3 Bd7 18. Kf1 Rfd8 19. Nd4 Rac8 20. Kg2 Qb8
21. Rge1 Ne7 22. Qb4 Nc6 23. Qa3 Nxd4 24. Bxd4 Bc6 25. Rad1 Bxf3+ 26. Qxf3 b6
27. Kh3 Qa8 28. Qa3 Rc2 29. Rg1 e5 30. fxe5 Qc8+ 31. g4 Nxg4 32. Kg3 Nh6 33.
Qf3 Nf5+ 34. Kf4 Rxd4+ 35. Rxd4 Nxd4 36. Qd5 Ne2+ 37. Kg5 Nxg1 38. e6 Rc5 39.
exf7+ Kf8 40. Kh4 Qh3+ 41. Kg5 Rxd5+ 42. Kf4 Qf3# 0-1

[Event "English Open Championship"]
[Site "Kenilworth"]
[Date "2023.05.28"]
[Round "5.27"]
[White "Pert, Max P"]
[Black "Green, Michael"]
[Result "1-0"]
[WhiteElo "1848"]
[BlackElo "1917"]
[PlyCount "85"]
[EventDate "2023.05.26"]
[EventType "swiss"]
[EventRounds "7"]
[EventCountry "ENG"]
[SourceTitle "BritBase"]
[Source "John Saunders"]
[SourceDate "2023.05.30"]
[SourceVersion "1"]
[SourceVersionDate "2023.05.30"]
[SourceQuality "1"]

1. d4 g6 2. e4 Bg7 3. c4 c6 4. Nc3 d6 5. Nf3 Bg4 6. Be3 Nd7 7. Be2 h5 8. h3
Bxf3 9. Bxf3 a6 10. O-O e5 11. d5 c5 12. Rb1 Bh6 13. Bxh6 Nxh6 14. b4 b6 15.
bxc5 Nxc5 16. Na4 Nd7 17. Rb4 O-O 18. Qd2 Kg7 19. Rfb1 b5 20. cxb5 axb5 21. Nc3
Nc5 22. Rxb5 f5 23. exf5 Nxf5 24. Ne4 Nd4 25. Nxc5 Rxf3 26. Qxd4 exd4 27. Ne6+
Kf6 28. Nxd8 Rc3 29. Nc6 d3 30. R5b3 Rc2 31. Rxd3 Raxa2 32. Rf3+ Kg5 33. Nd4
Rd2 34. Ne6+ Kh6 35. Rb7 Ra8 36. Rff7 Rh8 37. h4 Rxd5 38. Ng5 Rxg5 39. hxg5+
Kxg5 40. Rfd7 Kh4 41. Rxd6 g5 42. Rd5 Rh6 43. Kh2 1-0

[Event "English Open Championship"]
[Site "Kenilworth"]
[Date "2023.05.28"]
[Round "5.28"]
[White "Jackson, Edward"]
[Black "Turner, Lewis A"]
[Result "1-0"]
[WhiteElo "1968"]
[BlackElo "1807"]
[PlyCount "63"]
[EventDate "2023.05.26"]
[EventType "swiss"]
[EventRounds "7"]
[EventCountry "ENG"]
[SourceTitle "BritBase"]
[Source "John Saunders"]
[SourceDate "2023.05.30"]
[SourceVersion "1"]
[SourceVersionDate "2023.05.30"]
[SourceQuality "1"]

1. e4 c5 2. c3 Nf6 3. e5 Nd5 4. d4 cxd4 5. Nf3 d6 6. cxd4 Nc6 7. exd6 e6 8. Nc3
Bxd6 9. Bd3 h6 10. O-O Qf6 11. Ne4 Qe7 12. a3 O-O 13. Bb1 Bc7 14. Re1 Rd8 15.
Qc2 f5 16. Nc3 Nf6 17. Ba2 Nxd4 18. Nxd4 Rxd4 19. Nb5 Bxh2+ 20. Kxh2 Rh4+ 21.
Kg1 Qe8 22. Qxf5 Rh5 23. Rxe6 Bxe6 24. Qxe6+ Kh8 25. Nd4 Qd8 26. Be3 Qc7 27.
Nf3 Re8 28. Qc4 Qe7 29. Rd1 b5 30. Qf4 Rf8 31. Nh4 Qe4 32. Qxe4 1-0

[Event "English Open Championship"]
[Site "Kenilworth"]
[Date "2023.05.28"]
[Round "5.29"]
[White "Vaidyanathan, Adithya"]
[Black "Paul, Nathanael"]
[Result "0-1"]
[WhiteElo "1478"]
[BlackElo "2004"]
[PlyCount "134"]
[EventDate "2023.05.26"]
[EventType "swiss"]
[EventRounds "7"]
[EventCountry "ENG"]
[SourceTitle "BritBase"]
[Source "John Saunders"]
[SourceDate "2023.05.30"]
[SourceVersion "1"]
[SourceVersionDate "2023.05.30"]
[SourceQuality "1"]

1. Nf3 f5 2. d4 e6 3. d5 Be7 4. c4 Nf6 5. dxe6 dxe6 6. Qxd8+ Bxd8 7. Nc3 Nc6 8.
a3 e5 9. b4 e4 10. Nd2 Be6 11. e3 O-O 12. Bb2 a6 13. Be2 Be7 14. h3 Bd6 15.
O-O-O a5 16. b5 Ne5 17. Na4 Nfd7 18. c5 Be7 19. c6 bxc6 20. bxc6 Nxc6 21. Bc4
Kf7 22. g4 Nde5 23. Bxe6+ Kxe6 24. gxf5+ Kxf5 25. Kb1 Rab8 26. Ka2 Nd3 27. Bxg7
Rg8 28. Bh6 Nce5 29. Nc3 Nc5 30. Bf4 Ned3 31. Nd5 Bf6 32. Nxf6 Kxf6 33. Nc4
Nxf4 34. exf4 Nd3 35. Rhf1 a4 36. Nd2 Kf5 37. Rb1 Kxf4 38. Nc4 Rxb1 39. Kxb1
Rg2 40. Nb2 Nxf2 41. Nxa4 e3 42. Nc3 Kf3 43. a4 e2 44. Nxe2 Kxe2 45. Rc1 Rg7
46. a5 Nd3 47. Rc4 Ke3 48. a6 c5 49. Ra4 Ra7 50. Ra5 Kd4 51. Kc2 Nb4+ 52. Kb3
Rxa6 53. Rb5 Nd5 54. Rb7 Rb6+ 55. Rxb6 Nxb6 56. h4 c4+ 57. Kc2 Nd5 58. h5 Nb4+
59. Kb1 Kc3 60. Kc1 Nd3+ 61. Kb1 Kd2 62. h6 c3 63. Ka2 c2 64. Kb3 c1=Q 65. Ka4
Qc5 66. Kb3 Qb4+ 67. Ka2 Qb2# 0-1

[Event "English Open Championship"]
[Site "Kenilworth"]
[Date "2023.05.28"]
[Round "5.30"]
[White "Dasgupta, Avyukt"]
[Black "Brown, Tom"]
[Result "1/2-1/2"]
[WhiteElo "1788"]
[BlackElo "1959"]
[PlyCount "38"]
[EventDate "2023.05.26"]
[EventType "swiss"]
[EventRounds "7"]
[EventCountry "ENG"]
[SourceTitle "BritBase"]
[Source "John Saunders"]
[SourceDate "2023.05.30"]
[SourceVersion "1"]
[SourceVersionDate "2023.05.30"]
[SourceQuality "1"]

1. Nf3 d5 2. g3 Nf6 3. Bg2 Nbd7 4. d4 e6 5. O-O b5 6. Nfd2 Bb7 7. e4 Nxe4 8.
Nxe4 dxe4 9. Nc3 a6 10. Nxe4 Bd5 11. Bg5 Qb8 12. Re1 Qb7 13. Qf3 Nb6 14. b3 b4
15. c4 bxc3 16. Qxc3 Nd7 17. Qf3 Nb6 18. Qc3 Nd7 19. Qf3 Nb6 1/2-1/2

[Event "English Open Championship"]
[Site "Kenilworth"]
[Date "2023.05.28"]
[Round "5.31"]
[White "Baer, Bruce L"]
[Black "Gopakumar, Siddharth"]
[Result "1-0"]
[WhiteElo "1950"]
[BlackElo "1890"]
[PlyCount "127"]
[EventDate "2023.05.26"]
[EventType "swiss"]
[EventRounds "7"]
[EventCountry "ENG"]
[SourceTitle "BritBase"]
[Source "John Saunders"]
[SourceDate "2023.05.30"]
[SourceVersion "1"]
[SourceVersionDate "2023.05.30"]
[SourceQuality "1"]

1. g3 d5 2. Bg2 e5 3. d3 c5 4. e4 dxe4 5. dxe4 Qxd1+ 6. Kxd1 Nc6 7. Be3 Be6 8.
Nd2 O-O-O 9. Bh3 Bxh3 10. Nxh3 f6 11. c3 h5 12. f3 h4 13. g4 g6 14. Kc2 Bd6 15.
a4 b6 16. Nc4 Nge7 17. Rhb1 g5 18. Nf2 Kc7 19. Rd1 Nc8 20. Nd3 Be7 21. Bf2 Bd6
22. a5 Kb7 23. Rd2 Rhe8 24. a6+ Kc7 25. Ne3 Re6 26. b3 Kb8 27. Rad1 Bc7 28. Nd5
N6e7 29. c4 Nxd5 30. cxd5 Ree8 31. b4 cxb4 32. Nxb4 Rd6 33. Kb3 Ne7 34. Rc2 Rc8
35. Rdc1 Bd8 36. Rxc8+ Nxc8 37. Nc6+ Ka8 38. Be1 Rd7 39. Bb4 Bc7 40. Ka4 Bd6
41. Nd4 Kb8 42. Nf5 Bxb4 43. Kxb4 Rc7 44. Rd1 Rc2 45. d6 Nxd6 46. Nxd6 Rxh2 47.
Kc4 Ra2 48. Kd5 Rxa6 49. Ke6 Ra3 50. Rc1 a6 51. Rc8+ Ka7 52. Rc7+ Ka8 53. Kxf6
Rxf3+ 54. Kxe5 b5 55. Kd4 b4 56. e5 Kb8 57. Rb7+ Ka8 58. Rxb4 Rf4+ 59. Ne4 h3
60. Rb1 Rxg4 61. e6 Rh4 62. Kd5 g4 63. e7 Rh8 64. Kd6 1-0

[Event "English Open Championship"]
[Site "Kenilworth"]
[Date "2023.05.28"]
[Round "5.32"]
[White "Miller, George I"]
[Black "Gibson, Christopher A"]
[Result "1-0"]
[WhiteElo "1849"]
[BlackElo "1836"]
[PlyCount "77"]
[EventDate "2023.05.26"]
[EventType "swiss"]
[EventRounds "7"]
[EventCountry "ENG"]
[SourceTitle "BritBase"]
[Source "John Saunders"]
[SourceDate "2023.05.30"]
[SourceVersion "1"]
[SourceVersionDate "2023.05.30"]
[SourceQuality "1"]

1. c4 c5 2. Nc3 Nc6 3. g3 g6 4. Bg2 Bg7 5. e4 d6 6. Nge2 Nf6 7. O-O O-O 8. d3
Ne8 9. Be3 Nc7 10. d4 cxd4 11. Nxd4 Ne6 12. Nde2 a5 13. f4 Nc7 14. Bb6 Qd7 15.
Qd2 Ra6 16. Bf2 Na7 17. a4 Nc6 18. Rfd1 Qe8 19. Nb5 Na8 20. c5 dxc5 21. Bxc5
Be6 22. e5 Bc4 23. Ned4 Nxd4 24. Nxd4 b6 25. Ba3 Ra7 26. b3 Ba6 27. Rac1 g5 28.
Rc2 gxf4 29. gxf4 Kh8 30. Nf5 Rg8 31. Nxg7 Rxg7 32. e6 f6 33. Qd8 Rg8 34. Qxe8
Rxe8 35. Rd7 Rxd7 36. exd7 Rd8 37. Bxe7 Rxd7 38. Bxf6+ Kg8 39. Bxa8 1-0

[Event "English Open Championship"]
[Site "Kenilworth"]
[Date "2023.05.28"]
[Round "6.2"]
[White "Pert, Richard G"]
[Black "Wadsworth, Matthew J"]
[Result "1/2-1/2"]
[WhiteElo "2412"]
[BlackElo "2428"]
[PlyCount "84"]
[EventDate "2023.05.26"]
[EventType "swiss"]
[EventRounds "7"]
[EventCountry "ENG"]
[SourceTitle "BritBase"]
[Source "John Saunders"]
[SourceDate "2023.05.30"]
[SourceVersion "1"]
[SourceVersionDate "2023.05.30"]
[SourceQuality "1"]

1. e4 c5 2. Nf3 e6 3. Nc3 Nc6 4. Bb5 Nd4 5. Bc4 a6 6. Nxd4 cxd4 7. Ne2 Nf6 8.
d3 Bc5 9. Bb3 d5 10. f3 h6 11. e5 Ng8 12. O-O Ne7 13. f4 Bd7 14. Kh1 h5 15. c3
Qb6 16. Ba4 Bxa4 17. Qxa4+ Qc6 18. Qd1 Nf5 19. Bd2 h4 20. cxd4 Bxd4 21. Nxd4
Nxd4 22. Rc1 Qb5 23. a4 Qxd3 24. Rc3 Qg6 25. Rh3 Rc8 26. Bc3 Nf5 27. Qf3 Rc4
28. b3 Re4 29. Bb4 Ne3 30. Rc1 Kd7 31. Bd2 Rc8 32. Rg1 Nf5 33. Qf2 Rd4 34. Bc3
Re4 35. Qb6 Rc6 36. Qxb7+ Rc7 37. Qxa6 Re3 38. Qb5+ Kc8 39. Qe8+ Kb7 40. Qb5+
Kc8 41. Qe8+ Kb7 42. Qb5+ Kc8 1/2-1/2

[Event "English Open Championship"]
[Site "Kenilworth"]
[Date "2023.05.28"]
[Round "6.3"]
[White "Merriman, John"]
[Black "Harvey, Marcus R"]
[Result "0-1"]
[WhiteElo "2297"]
[BlackElo "2462"]
[PlyCount "56"]
[EventDate "2023.05.26"]
[EventType "swiss"]
[EventRounds "7"]
[EventCountry "ENG"]
[SourceTitle "BritBase"]
[Source "John Saunders"]
[SourceDate "2023.05.30"]
[SourceVersion "1"]
[SourceVersionDate "2023.05.30"]
[SourceQuality "1"]

1. d4 Nf6 2. c4 e6 3. Nc3 Bb4 4. e3 O-O 5. Nge2 c6 6. a3 Ba5 7. c5 d6 8. cxd6
Qxd6 9. b4 Bc7 10. g3 a5 11. b5 cxb5 12. Bg2 Qb6 13. O-O Nc6 14. Bd2 Bd6 15. e4
e5 16. Rb1 b4 17. d5 Nb8 18. Na2 Na6 19. Nec1 Bd7 20. axb4 axb4 21. Nd3 Bb5 22.
Naxb4 Nxb4 23. Bxb4 Bxb4 24. Rxb4 Qa6 25. Nxe5 Bxf1 26. Bxf1 Qd6 27. Nd3 Rfe8
28. e5 Rxe5 0-1

[Event "English Open Championship"]
[Site "Kenilworth"]
[Date "2023.05.28"]
[Round "6.4"]
[White "Khandelwal, Ankush"]
[Black "Hebden, Mark L"]
[Result "1/2-1/2"]
[WhiteElo "2205"]
[BlackElo "2434"]
[PlyCount "100"]
[EventDate "2023.05.26"]
[EventType "swiss"]
[EventRounds "7"]
[EventCountry "ENG"]
[SourceTitle "BritBase"]
[Source "John Saunders"]
[SourceDate "2023.05.30"]
[SourceVersion "1"]
[SourceVersionDate "2023.05.30"]
[SourceQuality "1"]

1. e4 e5 2. Nf3 Nc6 3. Bb5 a6 4. Ba4 Nf6 5. O-O Be7 6. Re1 b5 7. Bb3 O-O 8. a4
Bb7 9. d3 d6 10. Nbd2 Qd7 11. c3 Rfe8 12. Nf1 h6 13. Ng3 Bf8 14. h3 Na5 15. Bc2
c5 16. d4 c4 17. d5 g6 18. Be3 Qc7 19. Nh4 Bc8 20. Qd2 Kh7 21. axb5 axb5 22.
Ra2 Bd7 23. Rea1 Ra6 24. f4 Rea8 25. f5 Be8 26. Kh2 Qd8 27. Nf3 Qc8 28. Qf2 Nd7
29. fxg6+ fxg6 30. Bd1 Bg7 31. Nd2 Nb8 32. h4 Nb7 33. Rxa6 Rxa6 34. Rxa6 Nxa6
35. h5 Nac5 36. hxg6+ Bxg6 37. Nh5 Qf8 38. Qh4 Nd3 39. Nxg7 Qxg7 40. Nf3 Nbc5
41. Ng5+ Kg8 42. Ne6 Nxe6 43. dxe6 Nf4 44. Bxf4 exf4 45. Qd8+ Kh7 46. Qxd6 Bxe4
47. Qd7 Bf5 48. Qxb5 Qg3+ 49. Kh1 Qe1+ 50. Kh2 Qh4+ 1/2-1/2

[Event "English Open Championship"]
[Site "Kenilworth"]
[Date "2023.05.28"]
[Round "6.5"]
[White "Finn, Peter"]
[Black "Emms, John M"]
[Result "1-0"]
[WhiteElo "2127"]
[BlackElo "2468"]
[PlyCount "99"]
[EventDate "2023.05.26"]
[EventType "swiss"]
[EventRounds "7"]
[EventCountry "ENG"]
[SourceTitle "BritBase"]
[Source "John Saunders"]
[SourceDate "2023.05.30"]
[SourceVersion "1"]
[SourceVersionDate "2023.05.30"]
[SourceQuality "1"]

1. d4 d5 2. Nf3 Nf6 3. g3 c5 4. Bg2 cxd4 5. O-O h6 6. b3 e6 7. Bb2 Bc5 8. Nxd4
e5 9. Nf3 e4 10. Nd4 O-O 11. c4 Re8 12. Qc1 Bg4 13. cxd5 Nbd7 14. Rd1 Rc8 15.
Qf4 g5 16. Qd2 Nxd5 17. Nf5 Bxf5 18. Qxd5 Nb6 19. Qxd8 Rcxd8 20. Nc3 e3 21.
fxe3 Bxe3+ 22. Kf1 Bd4 23. Bxb7 Bh3+ 24. Bg2 Bxg2+ 25. Kxg2 Bxc3 26. Rxd8 Rxd8
27. Bxc3 Nd5 28. Ba5 Rc8 29. Kf3 Rc5 30. Be1 f5 31. Rd1 a5 32. Rd3 Nb4 33. Bxb4
axb4 34. Rd4 Rb5 35. Rd7 Ra5 36. Rb7 Rxa2 37. Rxb4 Kg7 38. Rb6 Rb2 39. b4 Kf7
40. b5 h5 41. Rb8 Rb3+ 42. Kf2 Kg7 43. b6 Kf6 44. h4 gxh4 45. gxh4 Ke5 46. b7
Kd6 47. Rd8+ Kc7 48. b8=Q+ Rxb8 49. Rxb8 Kxb8 50. Kf3 1-0

[Event "English Open Championship"]
[Site "Kenilworth"]
[Date "2023.05.28"]
[Round "6.6"]
[White "Okhai, Shabir"]
[Black "Willow, Jonah B"]
[Result "0-1"]
[WhiteElo "2144"]
[BlackElo "2450"]
[PlyCount "62"]
[EventDate "2023.05.26"]
[EventType "swiss"]
[EventRounds "7"]
[EventCountry "ENG"]
[SourceTitle "BritBase"]
[Source "John Saunders"]
[SourceDate "2023.05.30"]
[SourceVersion "1"]
[SourceVersionDate "2023.05.30"]
[SourceQuality "1"]

1. e4 c5 2. Nf3 e6 3. g3 Nc6 4. Bg2 Nf6 5. Qe2 e5 6. O-O Be7 7. c3 O-O 8. Na3
Re8 9. d3 h6 10. Nc4 Bf8 11. a4 b6 12. Ne3 d6 13. Nd2 Bb7 14. f4 d5 15. exd5
Nd4 16. cxd4 exd4 17. Ne4 dxe3 18. Nxf6+ Qxf6 19. a5 Rad8 20. axb6 axb6 21. Rf3
Bxd5 22. Rxe3 Rxe3 23. Bxe3 Bxg2 24. Kxg2 Rxd3 25. Rc1 Rb3 26. Rc2 Qc6+ 27. Qf3
Qb5 28. Qe2 c4 29. Kf1 Qd5 30. Kf2 Rxe3 31. Kxe3 Bc5# 0-1

[Event "English Open Championship"]
[Site "Kenilworth"]
[Date "2023.05.28"]
[Round "6.7"]
[White "Wells, Peter K"]
[Black "Haydon, David L"]
[Result "1-0"]
[WhiteElo "2356"]
[BlackElo "2253"]
[PlyCount "83"]
[EventDate "2023.05.26"]
[EventType "swiss"]
[EventRounds "7"]
[EventCountry "ENG"]
[SourceTitle "BritBase"]
[Source "John Saunders"]
[SourceDate "2023.05.30"]
[SourceVersion "1"]
[SourceVersionDate "2023.05.30"]
[SourceQuality "1"]

1. e4 Nf6 2. e5 Nd5 3. d4 d6 4. Nf3 e6 5. a3 Be7 6. Bd3 dxe5 7. dxe5 c5 8. c4
Nb6 9. Nc3 Bd7 10. h4 h6 11. Bf4 Bc6 12. h5 N8d7 13. Qe2 Qc7 14. O-O O-O-O 15.
Nb5 Bxb5 16. cxb5 Kb8 17. Be4 c4 18. a4 Nc5 19. a5 Nd5 20. Bxd5 Rxd5 21. Qxc4
Nd3 22. b3 Qxc4 23. bxc4 Rc5 24. Be3 Rxc4 25. Rfd1 Rd8 26. a6 b6 27. Ra2 Nb4
28. Rxd8+ Bxd8 29. Ra4 Be7 30. Nd4 Kc7 31. Nc6 Rxc6 32. bxc6 Kxc6 33. Bd2 Nd5
34. Rg4 Bf8 35. Rg3 f6 36. exf6 Nxf6 37. Rg6 Nxh5 38. Rxe6+ Kd7 39. Rxb6 Bc5
40. Rb7+ Kc6 41. Be3 Bxe3 42. fxe3 1-0